000 00500nam a2200181Ia 4500
999 _c1624
_d1624
003 OSt
005 20200924120805.0
008 190216s9999||||xx |||||||||||||| ||und||
040 _coclc
082 _a574.87
_bCOH/E
100 _aCohn, Norman S
_94933
245 0 _aElements Of Cytology /
_cNorman S Cohn
250 _a2nd Ed.
260 _bSurjeet Publications,
_c1997.
_aNew Delhi:
300 _a495p
650 _aBotany
942 _cBK
_2ddc
_h574.87
_iCOH/E
_k574.87
_mCOH/E